000 00489nam a2200193Ia 4500
005 20140407081929.0
008 140130s9999 xx 000 0 und d
020 _a0590316737
050 _aQL 544.2
_b.C38 1997
100 _aCassie, Brian
_931102
245 _cBrian Cassie.
_aThe butterfly alphabet book /
260 _bScholastic,
_c1995
300 _a34 p. :
_bcol. ill. ;
_c24 cm.
440 _v1
_931103
521 _aG4
526 _c630
942 _cBK
_2lcc
999 _c40825
_d40825